[Event "Politiken Cup"]
[Site "Helsingor DEN"]
[Date "2009.07.20"]
[Round "4"]
[White "Semcesen,D"]
[Black "Krueger,N"]
[Result "1-0"]
[WhiteElo "2418"]
[BlackElo "2106"]
[EventDate "2009.07.18"]

1. c4 e6 2. g3 d5 3. Bg2 Nf6 4. Nf3 Be7 5. O-O O-O 6. b3 Nbd7 7. Bb2 b6 8.
d3 Bb7 9. Nbd2 c5 10. cxd5 exd5 11. d4 Re8 12. Rc1 Rc8 13. Re1 Bf8 14. Bh3
Rc7 15. Ne5 Nxe5 16. dxe5 Ne4 17. Nxe4 dxe4 18. Qxd8 Rxd8 19. Red1 Rxd1+
20. Rxd1 Be7 21. Bc3 Kf8 22. Bd7 Bc6 23. Bxc6 Rxc6 24. Rd7 a5 25. Rb7 Bd8
26. Rb8 Ke7 27. a3 Bc7 28. Rc8 h5 29. Kf1 g6 30. f4 exf3 31. exf3 Kd7 32.
Rf8 Ke7 33. Ra8 c4 34. b4 axb4 35. axb4 b5 36. f4 Bb6 37. Rb8 h4 38. Kg2
hxg3 39. hxg3 Ke6 40. Kf3 g5 41. Ke4 gxf4 42. gxf4 f5+ 43. exf6 Kf7 44. Kd5
Bc7 45. Rb7 Rd6+ 46. Kc5 1-0

[Event "Politiken Cup"]
[Site "Helsingor DEN"]
[Date "2009.07.20"]
[Round "4"]
[White "Ottosen,P"]
[Black "Mikkelsen,N"]
[Result "0-1"]
[WhiteElo "2087"]
[BlackElo "2399"]
[EventDate "2009.07.18"]

1. d4 Nf6 2. c4 g6 3. Nc3 Bg7 4. Nf3 d6 5. Bg5 O-O 6. e3 c5 7. Be2 cxd4 8.
exd4 h6 9. Bh4 Nh5 10. Nd5 Nc6 11. O-O g5 12. Bg3 Bg4 13. Ne3 Bxf3 14. Bxf3
Nxg3 15. hxg3 Nxd4 16. Be4 e6 17. Rc1 f5 18. Bb1 g4 19. Re1 Re8 20. Rc3 Nc6
21. Rd3 Be5 22. c5 d5 23. Nxf5 exf5 24. Rxd5 Qf6 25. Qb3 Kh8 26. Rd7 Qg6
27. Bd3 Bg7 28. Rd1 Rad8 29. Qxb7 Rxd7 30. Qxd7 Rd8 0-1

[Event "Politiken Cup"]
[Site "Helsingor DEN"]
[Date "2009.07.20"]
[Round "4"]
[White "Brorsen,J"]
[Black "Rantanen,Y"]
[Result "0-1"]
[WhiteElo "1911"]
[BlackElo "2376"]
[EventDate "2009.07.18"]

1. c4 c5 2. Nc3 Nc6 3. Nf3 e6 4. g3 Nf6 5. Bg2 d5 6. cxd5 exd5 7. d4 Be7 8.
O-O O-O 9. Bg5 cxd4 10. Nxd4 h6 11. Bf4 Be6 12. Rc1 Qd7 13. Re1 Bh3 14. Bh1
Rad8 15. Qa4 Rfe8 16. Red1 Bc5 17. Nb3 Bb6 18. Nxd5 Nxd5 19. Rxd5 Rxe2 20.
Nc5 Qe7 21. Rxd8+ Nxd8 22. Qd4 Bxc5 0-1

[Event "Politiken Cup"]
[Site "Helsingor DEN"]
[Date "2009.07.20"]
[Round "4"]
[White "Algra,J"]
[Black "Bruehl,A"]
[Result "0-1"]
[WhiteElo "2123"]
[BlackElo "2360"]
[EventDate "2009.07.18"]

1. d4 d5 2. c4 c6 3. Nf3 Nf6 4. e3 Bf5 5. Be2 e6 6. O-O Nbd7 7. b3 Bd6 8.
Bb2 h6 9. Nbd2 O-O 10. a3 a5 11. Ne5 Qc7 12. Ndf3 Bxe5 13. dxe5 Ng4 14. Nh4
Ndxe5 15. h3 Nf6 16. Nxf5 exf5 17. Qd4 Ng6 18. cxd5 Rad8 19. Bf3 Ne7 20.
Rfd1 Nexd5 21. Qc5 Ne4 22. Qc2 Rfe8 23. Rd4 Qe7 24. Rad1 Ndf6 25. Qd3 Rd5
26. Rxd5 Nxd5 27. Qd4 Qf6 28. Qxf6 Nexf6 29. Rd4 Ne4 30. Ra4 b6 31. Rd4 g6
32. b4 axb4 33. axb4 b5 34. g4 Kh7 35. gxf5 gxf5 36. Kf1 Ra8 37. Bxe4 fxe4
38. Rxe4 Ra4 39. Re8 Rxb4 40. Rh8+ Kg6 41. Rg8+ Kf5 42. Bd4 Nf4 43. f3 Rb1+
44. Kf2 Nxh3+ 45. Ke2 Ng5 46. Rh8 Rh1 47. Kf2 Ne6 48. e4+ Kg6 49. Be3 Kg7
50. Rc8 Rh2+ 51. Kg3 Rc2 52. f4 Rc4 53. Kf3 b4 54. Ba7 b3 55. Rb8 c5 56. f5
Ng5+ 57. Kg2 Rc2+ 58. Kg3 Nxe4+ 59. Kf4 Nd2 60. Ke3 Kf6 61. Bxc5 Rxc5 62.
Kxd2 Rc2+ 63. Kd3 Rh2 64. Ke4 b2 65. Kf4 Ke7 66. Ke5 Re2+ 67. Kf4 Kd6 68.
Kf3 Rc2 69. Ke4 Kc5 70. Ke5 Kc4 71. Kf6 Rf2 72. Kxf7 Rxf5+ 73. Kg6 Rb5 0-1

[Event "Politiken Cup"]
[Site "Helsingor DEN"]
[Date "2009.07.20"]
[Round "4"]
[White "Pedersen,Pet2"]
[Black "Larsen,Ka"]
[Result "0-1"]
[WhiteElo "2119"]
[BlackElo "2337"]
[EventDate "2009.07.18"]

1. c4 g6 2. g3 Bg7 3. Bg2 e5 4. Nc3 f5 5. d3 Nf6 6. e4 d6 7. exf5 gxf5 8.
Nge2 O-O 9. O-O Nc6 10. f4 Be6 11. Nd5 Qd7 12. Kh1 Rae8 13. Rb1 Qf7 14.
Nec3 Nd4 15. Nxf6+ Bxf6 16. Be3 c6 17. Qd2 Qh5 18. Rbe1 Bd7 19. Qf2 Qg6 20.
fxe5 dxe5 21. Bxd4 exd4 22. Ne2 Qg7 23. Nf4 Qf7 24. Bf3 Rxe1 25. Rxe1 Re8
26. Bh5 Rxe1+ 27. Qxe1 Qe7 28. Qxe7 Bxe7 29. Ne2 Bf6 30. Kg2 Kg7 31. Kf3
Be5 32. Kf2 Kf6 33. Bf3 Ke7 34. Bg2 Kd6 35. h4 Bg7 36. Bh3 Ke5 37. Kf3 Bh6
38. g4 fxg4+ 39. Bxg4 Be8 40. h5 c5 41. Kg3 Be3 42. Bf3 b5 43. b3 b4 44.
Kg4 Bd7+ 45. Kg3 Bf5 0-1

[Event "Politiken Cup"]
[Site "Helsingor DEN"]
[Date "2009.07.20"]
[Round "4"]
[White "Andersson,C"]
[Black "Andersen,Mad"]
[Result "1/2-1/2"]
[WhiteElo "2136"]
[BlackElo "2336"]
[EventDate "2009.07.18"]

1. e4 c5 2. c3 Nf6 3. e5 Nd5 4. d4 cxd4 5. Nf3 e6 6. cxd4 d6 7. Bc4 Nb6 8.
Bb3 dxe5 9. Nxe5 Nc6 10. Nxc6 bxc6 11. O-O Bd6 12. Qg4 O-O 13. Bg5 Be7 14.
Bxe7 Qxe7 15. Nc3 Nd5 16. Rfe1 Nf6 17. Qh4 Qd6 18. Re3 Qd8 19. Bc2 h6 20.
Rg3 Kh8 21. Re1 Rg8 22. Re5 Nh7 23. Qf4 f5 24. Rc5 Bd7 25. Bb3 Rb8 26. Ne2
Nf6 27. Rh3 Kh7 28. Qe5 Ne4 29. Rc1 Rb5 30. Qf4 Qg5 31. Qxg5 Nxg5 32. Re3
Ne4 33. Rc2 Rgb8 34. f3 Nf6 35. Nc3 Rb4 36. Bxe6 Rxd4 37. Bxd7 Rxd7 38. Re5
Nd5 39. Nxd5 Rxd5 40. Rxd5 cxd5 41. Kf2 f4 42. Ke2 Kg6 43. b3 a5 44. Kd3 a4
45. Rc3 axb3 46. axb3 Kf5 47. Kd4 Rb5 48. Rc7 Rxb3 49. Rxg7 Rb1 50. Kxd5
Rd1+ 51. Kc4 Rh1 52. h3 Rd1 53. Kc3 Kf6 54. Rg8 Rd5 55. Re8 Kg5 56. Rg8+
Kf6 57. Rb8 Kg5 58. Rb4 h5 59. Re4 Rd1 60. Re8 Kh4 61. Kc2 Rg1 62. Rg8 Re1
63. Rg7 Re6 64. Kd3 Rg6 65. Rxg6 1/2-1/2

[Event "Politiken Cup"]
[Site "Helsingor DEN"]
[Date "2009.07.20"]
[Round "4"]
[White "Burmeister,R"]
[Black "Sondergaard,T"]
[Result "1-0"]
[WhiteElo "2333"]
[BlackElo "2017"]
[EventDate "2009.07.18"]

1. e4 c5 2. Nc3 Nc6 3. g3 g6 4. Bg2 Bg7 5. d3 e6 6. Be3 d6 7. Qd2 Rb8 8.
Nge2 Nd4 9. O-O Ne7 10. Nd1 O-O 11. c3 Nxe2+ 12. Qxe2 Nc6 13. f4 Bd7 14. e5
Qc7 15. Nf2 dxe5 16. Bxc5 Rfd8 17. fxe5 Bxe5 18. d4 Bg7 19. Ne4 Be8 20. Kh1
b6 21. Ba3 Na5 22. b3 Bc6 23. Rac1 e5 24. Nf6+ Bxf6 25. Rxf6 Bxg2+ 26. Qxg2
Kg7 27. Rcf1 Rd7 28. Qf3 exd4 29. cxd4 Nb7 30. d5 Nd8 31. Bb2 Kg8 32. Rc6
Nxc6 33. Qf6 Kf8 34. Qg7+ Ke7 35. Qxf7+ Kd6 36. Ba3+ Ke5 37. Qe6+ Kd4 38.
Rd1+ Kc3 39. Qe3+ Kc2 40. Qd3+ 1-0

[Event "Politiken Cup"]
[Site "Helsingor DEN"]
[Date "2009.07.20"]
[Round "4"]
[White "Carstensen,J"]
[Black "Seegert,K"]
[Result "0-1"]
[WhiteElo "2330"]
[BlackElo "2103"]
[EventDate "2009.07.18"]

1. Nf3 Nf6 2. c4 e6 3. Nc3 d5 4. d4 Nbd7 5. Bg5 Be7 6. cxd5 exd5 7. e3 O-O
8. Bd3 Re8 9. Qc2 Nf8 10. h3 g6 11. Bf4 Ne6 12. Be5 a6 13. h4 Ng7 14. Ne2
Bb4+ 15. Kf1 Bd6 16. Nf4 c6 17. Bxd6 Qxd6 18. Ne5 Ng4 19. Nxg4 Bxg4 20. Rc1
h5 21. Be2 Bxe2+ 22. Qxe2 Nf5 23. Qf3 Qf6 24. Rc3 Re7 25. Nd3 Re4 26. Nf4
Rae8 27. g3 Nd6 28. Kg2 R4e7 29. Nd3 Kg7 30. Nc5 Ne4 31. Nxe4 Rxe4 32.
Qxf6+ Kxf6 33. b4 Ke7 34. a4 Kd6 35. b5 axb5 36. axb5 Rc8 37. Ra1 c5 38.
Ra7 Re7 39. Kf3 c4 40. Kf4 Kc7 41. Ra4 Kb6 42. Rb4 Ra8 43. f3 f5 44. Rc2
Ra3 45. Re2 Rd3 46. Rb1 Re6 47. Rbb2 c3 48. Ra2 Kxb5 49. Ra7 b6 50. Rc7 Kb4
51. Re1 Kb3 52. Rb1+ Kc2 53. Ra1 Rexe3 54. Rc6 Kb2 55. Rf1 c2 56. Rxb6+ Rb3
57. Rc6 Rec3 58. Rxg6 Rxf3+ 59. Rxf3 c1=Q+ 0-1

[Event "Politiken Cup"]
[Site "Helsingor DEN"]
[Date "2009.07.20"]
[Round "4"]
[White "Matthiesen,A"]
[Black "Bratholm,P"]
[Result "1-0"]
[WhiteElo "2324"]
[BlackElo "2098"]
[EventDate "2009.07.18"]

1. d4 Nf6 2. c4 c5 3. d5 b5 4. cxb5 a6 5. bxa6 g6 6. Nc3 Bxa6 7. g3 Bg7 8.
Bg2 d6 9. Nf3 Nbd7 10. Rb1 Nb6 11. b3 O-O 12. O-O Ra7 13. Bb2 e6 14. dxe6
fxe6 15. Ng5 Qe7 16. a4 d5 17. Bh3 Bc8 18. Nb5 Ra8 19. Nf3 Ne4 20. Bxg7
Qxg7 21. Nd2 Nc3 22. Nxc3 Qxc3 23. Qc1 Qa5 24. Nf3 c4 25. Qe3 Re8 26. b4
Qxa4 27. Qxb6 1-0

[Event "Politiken Cup"]
[Site "Helsingor DEN"]
[Date "2009.07.20"]
[Round "4"]
[White "Bach,Mat"]
[Black "Svane,R"]
[Result "1-0"]
[WhiteElo "2307"]
[BlackElo "2080"]
[EventDate "2009.07.18"]

1. b4 e5 2. Bb2 Bxb4 3. Bxe5 Nf6 4. Nc3 O-O 5. Bxf6 Qxf6 6. Nd5 Qd6 7. Nxb4
Qxb4 8. g3 d5 9. Bg2 Qd6 10. e3 Re8 11. Ne2 Bg4 12. Rb1 Nd7 13. O-O Nb6 14.
Qe1 Rad8 15. Nf4 c5 16. a4 Nxa4 17. Rxb7 Qa6 18. Nxd5 Rxd5 19. Bxd5 Bh3 20.
Rxf7 Re6 21. Re7 Qd6 22. Bxe6+ Bxe6 23. Rxa7 Qc6 24. Qa1 Bh3 25. Qxg7+ 1-0

[Event "Politiken Cup"]
[Site "Helsingor DEN"]
[Date "2009.07.20"]
[Round "4"]
[White "Jensen,SorenG"]
[Black "Bejtovic,J"]
[Result "0-1"]
[WhiteElo "2082"]
[BlackElo "2307"]
[EventDate "2009.07.18"]

1. d4 Nf6 2. c4 g6 3. Nc3 Bg7 4. e4 d6 5. Nf3 O-O 6. Be2 c5 7. d5 e6 8.
dxe6 Bxe6 9. O-O Nc6 10. h3 Re8 11. Re1 Qa5 12. Bf1 a6 13. a3 Nd7 14. Bd2
Qb6 15. Qc2 Nde5 16. Nxe5 Bxe5 17. Rab1 Nd4 18. Qd1 Qc7 19. Bd3 b5 20. Nd5
Bxd5 21. cxd5 c4 22. Bc2 Rac8 23. Bc3 Qb6 24. Qd2 Re7 25. Rbd1 Nxc2 26.
Qxc2 Bxc3 27. Qxc3 Rce8 28. Qd4 Qxd4 29. Rxd4 f5 30. f3 Kg7 31. Kf2 fxe4
32. fxe4 Rc8 33. Rc1 Kf6 34. Ke3 Ke5 35. Rd2 Rf7 36. Rdc2 Rf4 37. Rd2 Rxe4+
38. Kf3 Rd4 39. Re2+ Kxd5 40. Re7 Rd2 41. Rxh7 Rf8+ 42. Kg3 Rxb2 0-1

[Event "Politiken Cup"]
[Site "Helsingor DEN"]
[Date "2009.07.20"]
[Round "4"]
[White "Matthiesen,M"]
[Black "Stray,G"]
[Result "1-0"]
[WhiteElo "2305"]
[BlackElo "2076"]
[EventDate "2009.07.18"]

1. d4 f5 2. c4 Nf6 3. g3 e6 4. Bg2 d5 5. Nh3 c6 6. O-O Bd6 7. Bf4 O-O 8.
Nd2 b6 9. Rc1 Bb7 10. Nf3 h6 11. Bxd6 Qxd6 12. Qc2 Nfd7 13. Nf4 a5 14. cxd5
exd5 15. Nh4 g5 16. Nxf5 Qf6 17. Ng6 Re8 18. Nxh6+ Kg7 19. Nf5+ Kf7 20.
Ne5+ Nxe5 21. dxe5 Rxe5 22. f4 Rxf5 23. g4 gxf4 24. Qxf5 Qxf5 25. gxf5 Nd7
26. Bxd5+ cxd5 27. Rc7 Ba6 28. Rxd7+ Kf6 29. Rxf4 Rg8+ 30. Kf2 Bc8 31. Rxd5
Bb7 32. Rd6+ Ke5 33. Rxb6 1-0

[Event "Politiken Cup"]
[Site "Helsingor DEN"]
[Date "2009.07.20"]
[Round "4"]
[White "Jensen,SorenH"]
[Black "Jacobsen,Bo"]
[Result "0-1"]
[WhiteElo "2054"]
[BlackElo "2303"]
[EventDate "2009.07.18"]

1. e4 e5 2. Nf3 Nc6 3. Bb5 Nf6 4. O-O d6 5. d4 Bd7 6. Nc3 Be7 7. Re1 exd4
8. Nxd4 O-O 9. Bxc6 bxc6 10. h3 Re8 11. Bf4 g6 12. Qd3 Nh5 13. Bh2 Ng7 14.
Rad1 Qb8 15. b3 Qb4 16. Nf3 Rad8 17. Qd4 a5 18. a4 Qxd4 19. Rxd4 Ne6 20.
Rdd1 Bc8 21. Nd4 Nxd4 22. Rxd4 Bf8 23. Rdd1 Bg7 24. Nb1 Re6 25. Bf4 Rde8
26. Bd2 Rxe4 27. Rxe4 Rxe4 28. Bxa5 Re7 29. Bc3 Bxc3 30. Nxc3 Bf5 31. Rc1
h5 32. Kf1 Kf8 33. Nd1 Re8 34. f3 h4 35. Kf2 Ke7 36. Ne3 Be6 37. Rd1 Kd7
38. Rd4 Rh8 39. Ke2 c5 40. Rd1 Rb8 41. Rb1 d5 42. Kd2 Kd6 43. Nd1 c4 44. b4
d4 45. b5 c3+ 46. Nxc3 dxc3+ 47. Kxc3 Kc5 48. Rb4 c6 49. Rxh4 cxb5 50. Rb4
Bc4 51. axb5 Bxb5 52. Rf4 Be8 53. g4 Kd5 54. Re4 Bd7 55. h4 Rc8+ 56. Kd2
Rh8 57. c4+ Kc5 58. h5 gxh5 59. Re5+ Kxc4 60. gxh5 Kd4 61. Ra5 Rg8 62. Ke2
Be6 63. Kf2 Bd5 64. Ra4+ Ke5 65. Rh4 Be6 66. Ke3 Bf5 67. f4+ Kf6 68. Kf3
Ra8 69. Kg3 Ra3+ 70. Kg2 Bh7 71. Kf2 Kf5 72. Kg2 Ra6 73. Kf3 Ra8 74. Ke3
Rh8 75. Kf3 Bg6 76. h6 Bh7 77. Rh5+ Kg6 78. Kg4 Ra8 79. f5+ Kf6 80. Kf4 Ra1
81. Kg3 Rf1 82. Rh4 Rxf5 83. Kg2 Kg6 0-1

[Event "Politiken Cup"]
[Site "Helsingor DEN"]
[Date "2009.07.20"]
[Round "4"]
[White "Thomassen,J"]
[Black "Larsen,TorKe"]
[Result "1-0"]
[WhiteElo "2300"]
[BlackElo "2074"]
[EventDate "2009.07.18"]

1. d4 Nf6 2. c4 c5 3. Nf3 g6 4. Nc3 cxd4 5. Nxd4 Bg7 6. e4 d6 7. Be2 Nc6 8.
Nc2 O-O 9. O-O Bd7 10. Rb1 Rc8 11. Bd2 Ne8 12. Ne3 Nd4 13. Bd3 a5 14. Ne2
Nc6 15. f4 Nc7 16. a3 b6 17. b4 axb4 18. axb4 Ra8 19. Nc2 Bg4 20. Be3 Ne6
21. h3 Bxe2 22. Bxe2 Ra2 23. f5 Ned4 24. Nxd4 Nxd4 25. Bd3 Qc7 26. f6 Bxf6
27. Rxf6 Ne2+ 28. Bxe2 exf6 29. Bd4 Qc6 30. Bf3 h5 31. Qc1 Kh7 32. Qf4 f5
33. exf5 Qe8 34. Qxd6 f6 35. fxg6+ Qxg6 36. Qxf8 Qxb1+ 37. Kh2 Ra7 38. Qxf6
Qxb4 39. Qh8+ Kg6 40. Qxh5+ 1-0

[Event "Politiken Cup"]
[Site "Helsingor DEN"]
[Date "2009.07.20"]
[Round "4"]
[White "Berg,Su"]
[Black "Tsiolakidis,A"]
[Result "0-1"]
[WhiteElo "2020"]
[BlackElo "2290"]
[EventDate "2009.07.18"]

1. e4 c5 2. b3 Nc6 3. Bb2 d6 4. f4 Nf6 5. Nc3 g6 6. Nf3 Bg7 7. Qc1 O-O 8.
Be2 Nd4 9. d3 Qa5 10. Kf1 Ng4 11. Nxd4 cxd4 12. Nd5 e5 13. f5 gxf5 14. Bxg4
fxg4 15. b4 Qd8 16. c4 f5 17. Ke2 fxe4 18. dxe4 Be6 19. Qd2 Rc8 20. Rac1
Qh4 21. Qe1 g3 22. Kd3 Bxd5 23. exd5 Rf2 24. Ba1 e4+ 0-1

[Event "Politiken Cup"]
[Site "Helsingor DEN"]
[Date "2009.07.20"]
[Round "4"]
[White "Christensen,St"]
[Black "Barane,S"]
[Result "1-0"]
[WhiteElo "2283"]
[BlackElo "1854"]
[EventDate "2009.07.18"]

1. e4 c5 2. c3 d5 3. exd5 Qxd5 4. d4 e6 5. Nf3 Nc6 6. Bd3 cxd4 7. cxd4 Nf6
8. O-O Be7 9. Nc3 Qd8 10. a3 Nd5 11. Re1 O-O 12. Bc2 Bf6 13. Ne4 g6 14.
Nxf6+ Qxf6 15. Bg5 Qg7 16. Qd2 Re8 17. h4 Bd7 18. h5 f6 19. Bh6 Qf7 20.
hxg6 hxg6 21. Re4 f5 22. Rh4 Nf6 23. Bf4 Nh7 24. Ne5 Nxe5 25. Bxe5 Bc6 26.
f3 Qf8 27. Kf2 Rad8 28. Rxh7 Kxh7 29. Rh1+ Kg8 30. Qg5 Rd7 31. Rh8+ Kf7 32.
Qf6+ 1-0

[Event "Politiken Cup"]
[Site "Helsingor DEN"]
[Date "2009.07.20"]
[Round "4"]
[White "Tallaksen,L"]
[Black "Skovgaard,Pe2"]
[Result "1-0"]
[WhiteElo "2081"]
[BlackElo "2258"]
[EventDate "2009.07.18"]

1. d4 Nf6 2. Nf3 e6 3. Bg5 h6 4. Bh4 c5 5. c3 Be7 6. e3 cxd4 7. exd4 b6 8.
Bd3 O-O 9. Qe2 Bb7 10. O-O d6 11. Nbd2 Nbd7 12. Rfd1 Re8 13. a4 Nh5 14.
Bxe7 Qxe7 15. Qe3 Ndf6 16. a5 Nd5 17. Qe1 Ndf4 18. Bb5 Nxg2 19. Qf1 Nh4 20.
Nxh4 Qxh4 21. f3 Rf8 22. a6 Bc8 23. Bc6 Rb8 24. Nc4 Qe7 25. Na3 Nf4 26. b4
e5 27. Ra2 exd4 28. Rxd4 Bh3 29. Qf2 Be6 30. Rxf4 Bxa2 31. c4 Qg5+ 32. Qg3
Rbc8 33. Bd5 Rce8 34. Qxg5 hxg5 35. Re4 Rxe4 36. fxe4 Rc8 37. Kf2 Kf8 38.
Ke3 g6 39. Kd4 f5 40. exf5 gxf5 41. Nb5 Bb1 42. Nxa7 Re8 43. Nb5 Be4 44.
Nc7 Bxd5 45. Nxe8 Ba8 46. Nc7 1-0

[Event "Politiken Cup"]
[Site "Helsingor DEN"]
[Date "2009.07.20"]
[Round "4"]
[White "Hess,C1"]
[Black "Strand,H"]
[Result "1/2-1/2"]
[WhiteElo "2257"]
[BlackElo "2062"]
[EventDate "2009.07.18"]

1. Nf3 Nf6 2. g3 g6 3. b3 Bg7 4. Bb2 O-O 5. Bg2 c5 6. c4 Nc6 7. O-O b6 8.
d4 cxd4 9. Nxd4 Bb7 10. Nc3 Rc8 11. Qd2 Qc7 12. Nc2 Na5 13. Bxb7 Qxb7 14.
Ne3 e6 15. Rad1 Rfd8 16. Qd6 Ne8 17. Qf4 d5 18. Ng4 Qc7 19. Nh6+ Bxh6 20.
Qxh6 dxc4 21. Ne4 Qe7 22. g4 f6 23. g5 e5 24. gxf6 Nxf6 25. Qg5 Nd5 26.
Qxe7 Nxe7 27. Bxe5 cxb3 28. axb3 Nac6 29. Bb2 h6 30. Nf6+ Kf7 31. e4 Rxd1
32. Rxd1 Rd8 33. Rxd8 1/2-1/2

[Event "Politiken Cup"]
[Site "Helsingor DEN"]
[Date "2009.07.20"]
[Round "4"]
[White "Angskog,K"]
[Black "Rostgaard,T"]
[Result "0-1"]
[WhiteElo "2255"]
[BlackElo "2051"]
[EventDate "2009.07.18"]

1. Nf3 Nf6 2. c4 e6 3. g3 b6 4. Bg2 Bb7 5. O-O Be7 6. b3 O-O 7. Bb2 d6 8.
Nc3 Nbd7 9. d3 a6 10. e4 c5 11. Ne1 Qc7 12. f4 Rfd8 13. g4 Ne8 14. g5 Nf8
15. Qg4 Rd7 16. f5 Bd8 17. h4 Bc6 18. h5 b5 19. Nf3 b4 20. Ne2 e5 21. f6
Ne6 22. Nh4 a5 23. Bh3 a4 24. Nf5 axb3 25. axb3 Rxa1 26. Bxa1 Kh8 27. fxg7+
N8xg7 28. Nxg7 Kxg7 29. g6 Ng5 30. h6+ Kxg6 31. Ng3 Kxh6 32. Qh5+ Kg7 33.
Bxd7 Bxd7 34. Nf5+ Bxf5 35. exf5 Bf6 36. Bb2 Qe7 37. Bc1 h6 38. Qg4 Qb7 39.
Bxg5 Bxg5 40. f6+ Kf8 41. Qe4 Qxe4 42. dxe4 Ke8 43. Kg2 Kd7 44. Kh3 Ke6 45.
Kg4 Bxf6 46. Ra1 Bg5 47. Ra7 Bf4 48. Ra1 h5+ 49. Kf3 h4 50. Rh1 Bg3 51. Kg4
f5+ 52. Kf3 Kf6 53. Rd1 fxe4+ 54. Kxe4 Kg5 55. Rxd6 h3 56. Rd1 Kg4 57. Rh1
Bf2 58. Kxe5 Kg3 59. Rd1 h2 0-1

[Event "Politiken Cup"]
[Site "Helsingor DEN"]
[Date "2009.07.20"]
[Round "4"]
[White "Gajic,Ml"]
[Black "Carnstam,T"]
[Result "1-0"]
[WhiteElo "2249"]
[BlackElo "2047"]
[EventDate "2009.07.18"]

1. e4 g6 2. d4 Bg7 3. Nc3 d6 4. f4 c5 5. dxc5 Qa5 6. Bd2 Qxc5 7. Nd5 Bd7 8.
Be3 Qc8 9. Bd4 e5 10. Bc3 Nc6 11. Nf3 Nge7 12. Bb5 f6 13. O-O Nxd5 14. Qxd5
Ne7 15. Bxd7+ Qxd7 16. Qb3 Nc6 17. Rad1 exf4 18. Nd4 Nxd4 19. Rxd4 O-O-O
20. Ba5 Rde8 21. Rc4+ Kb8 22. Rc7 Qxc7 23. Bxc7+ Kxc7 24. Qf7+ 1-0

[Event "Politiken Cup"]
[Site "Helsingor DEN"]
[Date "2009.07.20"]
[Round "4"]
[White "Kovachev,D"]
[Black "Skjoldager,F"]
[Result "1-0"]
[WhiteElo "2240"]
[BlackElo "1997"]
[EventDate "2009.07.18"]

1. e4 c6 2. c4 d5 3. exd5 cxd5 4. cxd5 Nf6 5. Nc3 Nxd5 6. Nf3 e6 7. Bc4 Nb6
8. Bb3 Nc6 9. d4 Be7 10. O-O O-O 11. a3 Nd5 12. Re1 Nxc3 13. bxc3 Bf6 14.
Bc2 b6 15. Qd3 g6 16. h4 Bb7 17. h5 Rc8 18. hxg6 hxg6 19. Rxe6 Re8 20.
Rxe8+ Qxe8 21. Bg5 Nxd4 22. Bxf6 Bxf3 23. Qxd4 Bb7 24. Qh4 1-0

[Event "Politiken Cup"]
[Site "Helsingor DEN"]
[Date "2009.07.20"]
[Round "4"]
[White "Solberg,J"]
[Black "Hobber,A"]
[Result "1/2-1/2"]
[WhiteElo "2222"]
[BlackElo "2042"]
[EventDate "2009.07.18"]

1. e4 e6 2. d4 d5 3. Nc3 dxe4 4. Nxe4 Nd7 5. Nf3 Ngf6 6. Nxf6+ Nxf6 7. Bd3
c5 8. dxc5 Bxc5 9. Bg5 Qb6 10. O-O Be7 11. Qe2 Bd7 12. Ne5 Bc6 13. Nxc6
bxc6 14. c3 O-O 15. Be3 1/2-1/2

[Event "Politiken Cup"]
[Site "Helsingor DEN"]
[Date "2009.07.20"]
[Round "4"]
[White "Kvisla,J"]
[Black "Guttulsrud,O"]
[Result "0-1"]
[WhiteElo "2222"]
[BlackElo "2030"]
[EventDate "2009.07.18"]

1. d4 f5 2. e4 fxe4 3. Nc3 Nf6 4. Bg5 b6 5. Bxf6 exf6 6. Qh5+ g6 7. Qd5 c6
8. Qxe4+ Qe7 9. Qxe7+ Bxe7 10. O-O-O d5 11. h4 h5 12. Bd3 Kf7 13. Nge2 Bd6
14. f3 Na6 15. a3 Nc7 16. Kb1 Be6 17. Na2 c5 18. c3 c4 19. Bc2 b5 20. g3
Bd7 21. Nf4 f5 22. b4 Bxf4 23. gxf4 Ne6 24. Rhg1 Nxf4 25. Nc1 Rae8 26. Rg3
Re3 27. Kb2 Rhe8 28. Rdg1 Re1 29. Bd1 Rxg1 30. Rxg1 Kf6 31. Kc2 Rg8 32. Ne2
Nxe2 33. Bxe2 f4 34. Rg5 Bf5+ 35. Kd1 Re8 36. Kd2 Re6 37. Rg1 Ra6 38. Ra1
g5 39. hxg5+ Kxg5 40. Ke1 h4 41. Kf2 h3 42. Bf1 Kh4 43. Be2 Bd3 44. Bxd3
cxd3 45. Rg1 d2 0-1

[Event "Politiken Cup"]
[Site "Helsingor DEN"]
[Date "2009.07.20"]
[Round "4"]
[White "Hansen,Mads3"]
[Black "Johansson,Th1"]
[Result "1/2-1/2"]
[WhiteElo "2068"]
[BlackElo "2208"]
[EventDate "2009.07.18"]

1. e4 e5 2. Nf3 Nc6 3. Bb5 Nf6 4. O-O Nxe4 5. d4 Nd6 6. Bxc6 dxc6 7. dxe5
Nf5 8. Qxd8+ Kxd8 9. Nc3 Ne7 10. Rd1+ Ke8 11. Ne4 Ng6 12. Nd4 Bd7 13. f4 c5
14. Ne2 Bc6 15. N2c3 Rd8 16. Be3 b6 17. a4 Rxd1+ 18. Rxd1 a5 19. Nd5 Bxd5
20. Rxd5 Ne7 21. Rd3 Nc6 22. Kf2 Be7 23. Kf3 g5 24. g3 h6 25. Nc3 Rg8 26.
Rd2 gxf4 27. gxf4 f6 28. exf6 Bxf6 29. Nb5 Rg7 30. c3 Bd8 31. Rd5 Ne7 32.
Rh5 Rg6 33. Na3 c6 34. Nc4 Bc7 35. Ne5 Bxe5 36. fxe5 Ng8 37. Rh4 Kf7 38. b4
axb4 39. cxb4 cxb4 40. Bxb6 Ne7 41. Bc5 Nd5 42. Bxb4 Nxb4 43. Rxb4 Ke6 44.
Re4 Rg1 45. Kf2 Ra1 46. Rc4 1/2-1/2

[Event "Politiken Cup"]
[Site "Helsingor DEN"]
[Date "2009.07.20"]
[Round "4"]
[White "Jorgensen,D"]
[Black "Bjorneboe,K"]
[Result "1/2-1/2"]
[WhiteElo "2207"]
[BlackElo "2041"]
[EventDate "2009.07.18"]

1. d4 Nf6 2. c4 e5 3. dxe5 Ng4 4. Bf4 Nc6 5. Nf3 Bb4+ 6. Nbd2 Qe7 7. e3
Ngxe5 8. Nxe5 Nxe5 9. Be2 a5 10. O-O d6 11. Qc2 Ng6 12. Bg3 O-O 13. Rfd1
Bd7 14. Nf3 Rfe8 15. Nd4 Bc5 16. Bf3 Rab8 17. Rac1 Ne5 18. Be4 Ng6 19. Bf5
Bxf5 20. Qxf5 Bxd4 21. Rxd4 b6 22. Qb5 Red8 23. Rcd1 Qe8 24. Qh5 Qc6 25. b3
Re8 26. Rd5 a4 27. h4 axb3 28. axb3 h6 29. Qe2 Ne7 30. Rb5 Qe4 31. Qd3 Qxd3
32. Rxd3 Ra8 33. e4 Nc6 34. f3 Ra3 35. Kh2 g6 36. Bf4 h5 37. Kg3 Kg7 38.
Bd2 f6 39. Bc3 Ra2 40. Rbd5 Rc2 41. Be1 1/2-1/2

[Event "Politiken Cup"]
[Site "Helsingor DEN"]
[Date "2009.07.20"]
[Round "4"]
[White "Schmied,A"]
[Black "Akdag,D"]
[Result "1-0"]
[WhiteElo "2068"]
[BlackElo "2198"]
[EventDate "2009.07.18"]

1. d4 Nf6 2. c4 c5 3. d5 e6 4. Nc3 exd5 5. cxd5 g6 6. e4 d6 7. Bd3 Bg7 8.
h3 O-O 9. Nf3 Re8 10. O-O a6 11. a4 Nh5 12. Bg5 Qc7 13. Qd2 Nd7 14. Rfe1
Rb8 15. a5 Ne5 16. Be2 Nxf3+ 17. Bxf3 Nf6 18. Bf4 Nd7 19. Bh2 Ne5 20. Be2
b5 21. axb6 Rxb6 22. f4 Nd7 23. Bg4 Qb7 24. Ra2 Bd4+ 25. Kh1 Rb4 26. Bxd7
Bxd7 27. f5 Qb6 28. fxg6 hxg6 29. e5 dxe5 30. d6 Qxd6 31. Ne4 Qe7 32. Rxa6
Kg7 33. Nf6 Rxb2 34. Qg5 Rh8 35. Bxe5 Bxe5 36. Rxe5 Bxh3 37. Nh5+ Rxh5 38.
Rxg6+ fxg6 39. Qxe7+ Kh8 40. Rxh5+ 1-0

[Event "Politiken Cup"]
[Site "Helsingor DEN"]
[Date "2009.07.20"]
[Round "4"]
[White "Nguyen,Mi"]
[Black "Pedersen,NicK"]
[Result "1/2-1/2"]
[WhiteElo "2196"]
[BlackElo "2014"]
[EventDate "2009.07.18"]

1. d4 d5 2. c4 c6 3. Nf3 Nf6 4. e3 a6 5. Bd3 b5 6. b3 Bg4 7. Nbd2 Nbd7 8.
Qc2 e6 9. Bb2 Bd6 10. Ne5 Qc7 11. Nxg4 Nxg4 12. h3 Ngf6 13. O-O O-O 14.
Rac1 Rfc8 15. e4 dxe4 16. Nxe4 Bf4 17. Rcd1 Nxe4 18. Bxe4 Nf6 19. Bf3 Ra7
20. Rfe1 Qd8 21. g3 Bd6 22. Bc3 Rd7 23. Qe2 Bb8 24. Kg2 Ba7 25. Qe5 Bb8 26.
Qg5 h6 27. Qd2 Ba7 28. Qf4 Bb8 29. Qc1 Qc7 30. Qa3 Qa7 31. Bb4 Ne8 32. Bc5
Qb7 33. Qc1 Bd6 34. Qa3 Bxc5 35. Qxc5 Nf6 36. Rc1 bxc4 37. Qxc4 Nd5 38.
Red1 a5 39. Qc5 a4 40. bxa4 Qa6 41. Qc4 1/2-1/2

[Event "Politiken Cup"]
[Site "Helsingor DEN"]
[Date "2009.07.20"]
[Round "4"]
[White "Tadjerbashi,A"]
[Black "Hansen,Ras"]
[Result "1-0"]
[WhiteElo "2193"]
[BlackElo "2001"]
[EventDate "2009.07.18"]

1. e4 c6 2. d4 d5 3. Nc3 dxe4 4. Nxe4 Bf5 5. Ng3 Bg6 6. h4 h6 7. Nf3 Nd7 8.
h5 Bh7 9. Bd3 Bxd3 10. Qxd3 Qc7 11. Bd2 Ngf6 12. O-O-O e6 13. Ne4 Nxe4 14.
Qxe4 Nf6 15. Qe2 O-O-O 16. c4 Bd6 17. g3 Rhe8 18. Bc3 Qe7 19. Ne5 Qc7 20.
f4 Re7 21. Kb1 Bxe5 22. fxe5 Nh7 23. Bb4 Red7 24. Bd6 Qa5 25. Rd3 Rxd6 26.
exd6 Rxd6 27. d5 Qd8 28. Rhd1 cxd5 29. cxd5 exd5 30. Rxd5 Rxd5 31. Qc4+ Kb8
32. Rxd5 Qf6 33. a3 Ng5 34. Ka2 a6 35. Ka1 Qe7 36. Qf4+ Ka8 37. Qd2 Ne6 38.
Rd7 Qg5 39. Qb4 Qc1+ 40. Ka2 Qc6 41. Rxf7 Nc5 42. Rf4 Qd5+ 43. Qc4 Qxh5 44.
g4 1-0